|
|
|
|
| LEADER |
00000cam a2200000 a 4500 |
| 001 |
vtls001483602 |
| 003 |
SK-MaSNL |
| 005 |
20260302054444.0 |
| 008 |
240226s1958 xo a j 000 jdslo |
| 015 |
|
|
|a SNBA1959
|
| 020 |
|
|
|q (viazané)
|
| 035 |
|
|
|a SNK000438896
|
| 035 |
|
|
|a urn:nbn:sk:snk-am3i9ll
|
| 035 |
|
|
|a F2FEE48E-8704-4A0E-B35A-E4760BD3FA82
|
| 035 |
|
|
|a urn:nbn:sk:snk-am00dylf
|
| 040 |
|
|
|a SNK
|b slo
|a SNK
|e AACR2
|c SNK
|
| 041 |
1 |
|
|a slo
|h cze
|
| 044 |
|
|
|a xo
|c SK
|
| 072 |
|
7 |
|a 821.162.3
|x Česká literatúra
|2 konspekt
|
| 072 |
|
7 |
|a 821-93
|x Literatúra pre deti a mládež (beletria)
|2 konspekt
|
| 080 |
|
|
|a 885.0-3
|2 1981
|
| 080 |
|
|
|a 821.162.3-32
|2 2011
|
| 080 |
|
|
|a 82-93-053.4/.5
|2 2011
|
| 100 |
1 |
|
|a Němcová, Božena,
|d 1820-1862
|4 aut
|9 85909
|
| 240 |
1 |
0 |
|a Babička
|l Slovensky
|
| 245 |
1 |
0 |
|a Babička
|c Božena Němcová ; ilustrácie Adolfa Kašpara ; [z českého originálu Babička ... preložil Jozef Felix]
|
| 250 |
|
|
|a 3. vyd.
|
| 260 |
|
|
|a [Bratislava]
|b Mladé letá
|c 1958
|
| 300 |
|
|
|a 246 strán, [8] strán obrazových príloh
|b farebné ilustrácie
|c 25 cm
|
| 366 |
|
|
|e 20240 kusov
|
| 490 |
1 |
|
|a Školská knižnica. Čítanie pre 7. ročník
|
| 500 |
|
|
|a Vysvetlivky na strane 243-[247]
|
| 500 |
|
|
|a Obsahuje biografické údaje o autorovi
|
| 655 |
|
7 |
|a české poviedky
|2 SNKPH
|9 70599
|
| 655 |
|
7 |
|a dedinské poviedky
|2 SNKPH
|9 469438
|
| 655 |
|
7 |
|a literatúra pre deti
|2 SNKPH
|9 87135
|
| 700 |
1 |
|
|a Felix, Jozef,
|d 1913-1977
|4 trl
|9 92715
|
| 700 |
1 |
|
|a Kašpar, Adolf,
|d 1877-1934
|4 ill
|9 62154
|
| 830 |
|
0 |
|a Školská knižnica. Čítanie pre 7. ročník
|9 713719
|
| 954 |
|
|
|a beletria cudzojazyčná (svetová)
|2 lita
|
| 958 |
|
|
|a RK
|
| 958 |
|
|
|a TL
|
| 958 |
|
|
|a LX
|
| 958 |
|
|
|a DB
|
| 958 |
|
|
|a UP
|
| 958 |
|
|
|a CZ
|
| 958 |
|
|
|a SP
|
| 958 |
|
|
|a OND
|
| 999 |
|
|
|c 1113342
|d 1115272
|
| 952 |
|
|
|t P60, <04>, [BOOK], {604}
|a SNK
|b SNK
|y VYP
|7 0
|p 17A0440576
|o snkSC 12573 D1
|i snkKSP 150/59
|0 0
|1 0
|4 0
|d 2004-10-14
|l 0
|r 2005-01-02 00:00:00
|w 2026-02-24
|
| 952 |
|
|
|a SNK
|b SNK
|y PREZ
|7 0
|p 17A0845239
|o snkSC 12573
|i snkKSP 149/59
|0 0
|1 0
|4 0
|d 2020-01-21
|f 1
|l 0
|r 2025-07-16 00:00:00
|w 2026-02-24
|